Kto nájde toľko síl a rozhodne? vývin slovenského poľnohospodárstva po veľkom zlome v roku 1989

Prvé zmeny v poľnohospodárstve v roku 1990 - zníženie hrubej poľnohospodárskej produkcie. Súvislosti medzi nízkou kvalitou práce, kvalifikáciou pracovníkov, cenou práce a hodnoty produkcie v poľnohospodárstve. Príčiny poklesu hrubej poľnohospodárskej produkcie. Východiská z nepriaznivej situácie v p...

Descripción completa

Guardado en:
Detalles Bibliográficos
Autor principal: Havrila, Andrej
Formato: Capítulo de libro
Lenguaje:eslovaco
Materias:
Etiquetas: Agregar Etiqueta
Sin Etiquetas, Sea el primero en etiquetar este registro!

MARC

LEADER 00000naa a2200000 4500
001 r034154
005 20230824100339.5
041 0 |a slo 
044 |a SK 
245 1 0 |a Kto nájde toľko síl a rozhodne?  |b vývin slovenského poľnohospodárstva po veľkom zlome v roku 1989  |c Andrej Havrila 
520 |a Prvé zmeny v poľnohospodárstve v roku 1990 - zníženie hrubej poľnohospodárskej produkcie. Súvislosti medzi nízkou kvalitou práce, kvalifikáciou pracovníkov, cenou práce a hodnoty produkcie v poľnohospodárstve. Príčiny poklesu hrubej poľnohospodárskej produkcie. Východiská z nepriaznivej situácie v poľnohospodárstve. Porovnávacie tabuľky spotreby a reálnych cien vybraných druhov poľnohospodárskych tovarov za roky 1965 až 1996. 
610 2 0 |a poľnohospodárstvo 
610 2 0 |a produkcia hrubá 
610 2 0 |a pracovníci poľnohospodárski 
610 2 0 |a výrobky poľnohospodárske 
610 2 0 |a kvalita práce 
610 2 0 |a kvalifikácia 
610 2 0 |a politika poľnohospodárska 
610 2 0 |a Slovensko 
610 2 0 |a tovar poľnohospodársky 
100 1 |a Havrila, Andrej